00845naa a22002657a 4500001001000000003000900010005001700019007000300036008003400039040005400073041000900127072001300136100001600149245008700165500009700252650002700349650003000376650001800406650001000424650001400434650001400448650002400462650002300486490007000509BR5600040BR-BrBNA20250709164602.0ta250630b bl.|||m| |||| 00| 0 por d aBR-BrBNAbporcBiblioteca Nacional de Agricultura a(Pt) aQ20; L731 aValle, A.L.1 aO inspetor de laticinios em face da brucelose [Higiene de Alimento; Doenca animal] aProblemas referentes ao leite Rio de Janeiro, GB (Brasil): 1956. p. 197-210 (BR5600040-AMS)  aTecnologia de alimento aMicrobiologia de alimento aDoenca animal aLeite aBrucelose aLaticinio aHigiene de alimento aInspecao sanitaria aEstudos Tecnicos - Servico de Informacao Agricola (Brazil)vno. 8